000 00699nam a2200241 i 4500
001 bgj
100 1 _aCHEYNEY, Arnold B.
245 1 0 _aTeaching Reading Skills Through the Newspaper /
_cArnold B. Cheyney.
250 _a[2nd ed]
_a[4th print.].
260 _aNewark, De :
_bInternational Reading Association,
_c1989.
300 _aV, 51 pp :
_bill. ;
_c23 cm.
490 1 _aIRA Reading Aids Service
504 _aBibliography p. 48-51.
650 9 _aReading
650 9 _aNewspapers in education
830 _aIRA Reading Aids Service
020 _a087207210X
040 _cBPK
041 0 _aeng
920 _a0-87207-210-X
942 _cKS
008 s uk f |000 0 eng
999 _c47629
_d47629
856 _uhttp://koha.tu.koszalin.pl/cgi-bin/koha/opac-detail.pl?biblionumber=47629
_yKatalog online BPK